[Event "Eurotel Trophy"]
[Site "Prague"]
[Date "2002.04.29"]
[Round "1.2"]
[White "Milov, Vadim"]
[Black "Topalov, Veselin"]
[Result "1-0"]
[WhiteElo "2606"]
[BlackElo "2745"]
[Annotator "Milov,V"]
[PlyCount "97"]
[EventDate "2002.04.28"]
[EventType "k.o. (rapid)"]
[EventRounds "5"]
[EventCountry "CZE"]
[SourceTitle "CBM 089"]
[Source "ChessBase"]
[SourceDate "2002.08.12"]
[SourceVersion "1"]
[SourceVersionDate "2002.08.12"]
[SourceQuality "1"]

1. d4 d5 2. c4 dxc4 3. e3 Nf6 4. Bxc4 e6 5. Nf3 c5 6. O-O a6 7. a4 Nc6 8. Qe2
Be7 9. Rd1 O-O 10. Nc3 Qc7 11. d5 (11. h3) 11... exd5 12. Nxd5 Nxd5 13. Bxd5
Bf6 (13... Bg4 14. h3 Bh5 15. Bd2 Bf6 16. Bc3 $14) (13... Nb4 $5) 14. h3 (14.
e4 $6 Bg4 $11) 14... Nb4 15. e4 Nxd5 16. exd5 Qd6 $6 $146 (16... Bf5 17. Be3 (
17. Qc4 $2 b5) 17... c4 18. d6 (18. Rac1 b5 19. b3 $6 c3) 18... Qd7 (18... Qc6
19. Nd4 Bxd4 20. Rxd4 Bd3 21. Qd2 b5 $11) 19. Qxc4 Bxb2 20. Ra2 Be6 21. Qc2 Bf6
(21... Bxa2 $6 22. Qxb2 Be6 23. a5 $44) 22. Ra3 Rac8 23. Qd2 Bf5 $11) 17. a5 $1
$14 Bd7 (17... Bf5 18. Be3 (18. Qc4 Rfe8 19. Bf4 Qd7 20. Qxc5 Bxb2 21. Ra2 Rac8
22. Qb6 Bf6 23. d6 Be4 $13) 18... Rac8 (18... Rfe8 19. Rac1 Rac8 20. Bxc5 $3 (
20. Nd2 $5 Bd4 (20... Qxd5 $2 21. Nc4 Bd4 22. Nb6 $16) 21. Qf3 (21. Nc4 Qg6)
21... Qg6 22. Bxd4 cxd4 $11) 20... Rxe2 21. Bxd6 Rxc1 22. Rxc1 Rxb2 23. Be5
Bxe5 24. Nxe5 f6 25. Nc4 $14) 19. Rac1 Rfd8 20. Rc4 $1 $14 {/\21.Bf4}) 18. Be3
b5 $6 (18... Rfe8 19. Qd2 $14 {/\20.Bf4} (19. Qc2 Rac8 20. Rac1 c4 $13)) 19.
axb6 Qxb6 20. Rd2 Bb5 21. Qd1 Qd6 22. Qc2 Rac8 (22... c4 23. Bg5 $36 (23. Bd4))
23. Rc1 $1 c4 {><Bb5} 24. Bd4 Rcd8 (24... Rfe8 25. Bxf6 Qxf6 26. Nh2 $1 $36 {
/\Nh2-g4-e3}) 25. Rcd1 $16 Rfe8 26. Qc3 $6 (26. Bxf6 $5 Qxf6 27. Nh2 Qd6 28.
Ng4 $16 {/\29.Ne3}) 26... Ba4 (26... Bxd4 27. Rxd4 $36 {><Bb5} (27. Nxd4 Qe5))
27. Ra1 Bb5 28. Bxf6 $2 (28. Qc2 $142 Rd7 29. Rad1 $36 {/\30.Bf6 Qf6 31.Nh2})
28... Qxf6 29. Qxf6 gxf6 30. g4 (30. Nh4 Re5 31. d6 Kf8 32. g4 {-30.g4 Kf8})
30... Kf8 (30... f5 $5 31. Kg2 (31. gxf5 Kg7) 31... fxg4 32. hxg4 Rd6 33. Nh4
Bd7 $1 (33... Red8 $2 34. Nf5) 34. Kg3 Be6 35. Ng2 (35. Ra5 Red8) 35... Rxd5
$11) 31. Nh4 Re5 32. d6 h5 33. Nf5 (33. Kg2 hxg4 34. hxg4 Ke8 $11 (34... Bd7
35. Kg3 $16)) 33... hxg4 34. hxg4 Bd7 $2 (34... Ke8 35. Kg2 Kd7 $11) 35. Rxa6
$1 $16 (35. Ne3 Bb5) 35... Bxf5 36. gxf5 Rxf5 (36... Rc5 $142 {/\37...c3} 37.
Kg2 c3 38. bxc3 Rxc3 39. Rd5 $16) 37. Rc6 $18 Rf4 38. Kg2 Re4 39. Kf3 Re6 (
39... f5 40. Rc5 Re6 41. Rxc4 Rexd6 42. Rxd6 Rxd6 43. Ke3 Ke7 44. Rd4 $18) 40.
Rxc4 Rexd6 41. Rxd6 Rxd6 42. Ke3 Rd1 (42... Ke7 43. Rd4) 43. b4 f5 (43... Ke7
44. Re4+ Kf8 45. Rd4) (43... Rb1 44. Kd4) 44. Rd4 Rb1 (44... Rc1 45. Kd3 (45.
Kf4) 45... Ke7 46. b5 Ke6 47. Rb4 $18) 45. Kd3 Kg7 46. Kc4 Kg6 47. f4 Kh5 48.
b5 Kg4 49. Kc5 1-0

[Event "Eurotel Trophy"]
[Site "Prague"]
[Date "2002.04.29"]
[Round "1.4"]
[White "Topalov, Veselin"]
[Black "Milov, Vadim"]
[Result "1/2-1/2"]
[WhiteElo "2745"]
[BlackElo "2606"]
[Annotator "Tsesarsky,I"]
[PlyCount "145"]
[EventDate "2002.04.28"]
[EventType "k.o. (rapid)"]
[EventRounds "5"]
[EventCountry "CZE"]
[SourceTitle "CBM 089"]
[Source "ChessBase"]
[SourceDate "2002.08.12"]
[SourceVersion "1"]
[SourceVersionDate "2002.08.12"]
[SourceQuality "1"]

1. Nf3 Nf6 2. c4 g6 3. Nc3 Bg7 4. e4 d6 5. d4 O-O 6. Be2 e5 7. O-O Na6 8. Be3
Ng4 9. Bg5 Qe8 10. dxe5 dxe5 11. h3 h6 12. Bd2 Nf6 13. Be3 Nh5 14. c5 Nf4 15.
Bxa6 bxa6 16. Bxf4 (16. Qd2 Rb8 17. Rad1 g5 18. Rfe1 Qe6 19. Bxf4 exf4 20. Nd4
{-see comments to the game 1-0 Tukmakov,V-Landenbergue,C/Geneve 1997/CBM 57
[Dautov,R] (33)}) (16. Nd5 {-see CBM 31-7...Na6 8.Be3... 9...Qe8/Opening 1992/
CBM 31[Knaak,R] (24)}) 16... exf4 {[%csl Ra6,Ra7,Gc8,Rf4,Rf7,Gg7] Black has a
pair of BB, but his PP chain is damaged: pair of doubled PP. This position,
however, is better for White.} 17. Nd5 {[%csl Rc7][%cal Gd5c7]} (17. Qd2 g5 18.
Nd5 (18. Rfe1 Rb8 19. Rac1 {-see comments to the game 1/2-1/2 Tisdall,
J-Cramling,P/Reykjavik 1995/CBM 47[Hansen,Cu] (32)}) 18... Qxe4 19. Rae1 Qc4
20. Nxc7 Rb8 21. Qd6 Qxa2 22. Ne8 $16 {1-0 Szuk,B-Senff,M/Budapest 1997/CBM 58
ext (27)}) 17... Rb8 18. Re1 c6 19. Nxf4 Rxb2 20. e5 {White has strong
initiative in the centre.} Rb7 21. Rb1 (21. Qa4 {[%csl Ra6][%cal Ga4a6]} Re7 {
[%csl Re5][%cal Ge8e5,Gg7e5]} 22. Qd4 Bf5 23. Re2 Qc8 24. Rae1 Rd8 25. Qa4 $16)
21... Rxb1 22. Qxb1 {[%csl Ra6,Ra7,Rc6][%cal Ge5e6]} Qe7 23. e6 $2 {Premature
break.} (23. Qb4 $142 Rd8 24. Qc4 $16) 23... g5 $2 $16 (23... Qxc5 $1 24. exf7+
Rxf7 25. Re8+ (25. Nxg6 Bf5 26. Qb8+ Kh7 27. Nge5 Re7 28. g4 Bc2 $132) 25...
Rf8 26. Ne6 (26. Rxf8+ Qxf8 27. Nxg6 Qd6 28. Qe4 Be6 $132)) 24. exf7+ Qxf7 25.
Ng6 Re8 26. Nge5 (26. Rxe8+ Qxe8 27. Nge5 (27. Qb8 Qxg6 (27... Bd7 28. Qd6 $18
{[%cal Gg6e5,Gf3e5]}) 28. Qxc8+ Bf8 29. Nd4 Qb1+ 30. Kh2 Qxa2 31. f3 Qd5 32.
Ne6 Kf7 (32... Qe5+ $2 33. f4 Qf6 34. Qxc6 Bxc5 35. Qd5 Be3 36. Nxg5+ Kh8 37.
Qa8+ Kg7 38. Qb7+ Kg8 39. Qb3+ Kh8 40. Qxe3 hxg5 41. fxg5 Qd6+ 42. g3 a5 43. h4
a4 44. h5 a3 45. Qe8+ Kh7 46. Qf7+ Kh8 47. g6 Qd2+ 48. Kh3 Qh6 49. Qe8+ Kg7 50.
Kh4 $18) 33. Qxf8+ Kxe6 34. Qxh6+ Kf7 35. Qh7+ Kf6 36. Qh8+ Kf5 37. Qf8+ Ke5
$11) 27... Bxe5 28. Qe1 Bh2+ 29. Kxh2 Qxe1 30. Nxe1 Be6 31. Nd3 $16) 26... Qd5
27. Rd1 (27. Qg6 Kf8 28. Qxc6 Qxc6 29. Nxc6 Rxe1+ 30. Nxe1 Bb7 31. Nxa7 (31.
Nb4 Ke7 32. c6 Bc8 33. Nec2 Kd6 34. Ne3 Be6 $44) 31... Be5 32. c6 Ba8 33. Nd3
Bb8 34. Nc5 Ke7 35. a4 a5 36. Nb5 Bxc6 37. Nd4 Bd5) 27... Qxc5 28. Qg6 Qe7 29.
Ng4 (29. Qxc6 Bxe5 30. Re1 Bd7 31. Qd5+ Qe6 32. Qxe6+ Bxe6 33. Rxe5 Kf7 34. Ra5
Bc8 35. Rc5 $14) 29... Bxg4 30. hxg4 Qf7 $6 (30... Qe6 31. Qc2 $11) 31. Qxc6
Re6 32. Rd8+ Kh7 33. Qc2+ (33. Qd5 Re7 34. Qd6 $14) 33... Qg6 34. Qc4 Qb1+ (
34... Qe4) 35. Kh2 Qe4 36. Qxe4+ Rxe4 37. Kh3 Ra4 38. Rd7 (38. Rd2 $11) 38...
Rxa2 39. Nd4 $4 $19 (39. Kg3 a5 40. Rxa7 a4 41. Nd4 Kg6 42. Ra6+ Bf6 43. Kf3
$11) 39... Kg6 $4 {Both sides were, probably, in serious time trouble...} (
39... Rd2 $19) 40. Nf5 Bf6 41. f3 h5 42. g3 Ra4 43. Rxa7 $6 (43. Ne3 $11) 43...
hxg4+ 44. fxg4 {[%csl Rg3,Rg4]} Ra1 45. Nd6 $6 ({It was possible to force draw
by} 45. Ne7+ Bxe7 46. Rxe7 $11) 45... Bd4 46. Rb7 Ra2 $2 $17 {[%cal Gd4g1]} (
46... a5 47. Nf5 Bf6 48. Ne7+ Bxe7 (48... Kf7 49. Nd5+ $11 {[%csl Rf6][%cal
Gd5f6]}) 49. Rxe7 $11) 47. Nf5 $4 (47. Rb1 a5 $17) 47... Bg1 {[%csl Rh3]} 48.
Nh4+ gxh4 49. gxh4 Ra3+ 50. Kg2 Bd4 51. Rd7 Be5 52. Rd5 Kf6 53. h5 Ke6 54. Rc5
Rg3+ $2 (54... Kd6 $6 55. Rc8 a5 (55... Rg3+ 56. Kf2 Rxg4 57. Ra8 Ra4 58. h6
$17) 56. Ra8 a4 57. g5 Kc5 58. Ra5+ Kd4 59. h6 Rg3+ 60. Kf2 Rxg5 61. Rxa4+ $17)
({Wins immediate P promotion:} 54... a5 $1 55. g5 a4 56. Ra5 (56. h6 Rg3+ $19 {
[%csl Rg5]}) (56. g6 Rg3+ 57. Kf2 Rg5 $19) 56... Bc3 57. Ra6+ Kf5 58. g6 Kg4 $1
{[%csl Rg2]} 59. g7 Ra2+ 60. Kh1 (60. Kf1 Kf3 $19 {[%csl Rf1]}) (60. Kg1 Kf3
$19 {[%csl Rg1]}) 60... Bxg7 61. Rg6+ Kh3 62. Kg1 Bd4+ 63. Kf1 a3 $19) 55. Kf1
Bd6 (55... Rc3 $6 56. Rxc3 (56. Ra5 $2 Rc6 $1 (56... Rc1+ 57. Ke2 Ra1 58. Rxa1
Bxa1 59. Kd3 Kf6 60. Kc4 a5 (60... Kg5 61. Kb4 $11) 61. Kb5 Bc3 62. h6 Kg6 63.
g5 $11) 57. g5 Bc3 58. Ra2 Kf5 $19) 56... Bxc3 57. Ke2 Kf6 58. Kd3 Ba5 59. Kd4
Kg5 60. Kc5 Bc7 61. Kb4 Bb6 62. Ka4 $11) 56. Ra5 Ra3 $2 $11 ({After} 56... Rxg4
57. Rxa6 $17 {Black has good chances to win this endgame, especially in time
trouble.}) 57. Rg5 $2 $17 ({After} 57. Rxa3 Bxa3 58. Ke2 {this position is
dead-drawn.} Kf6 59. Kd3 Bc1 (59... Kg5 60. Kc2 Bf8 (60... Bb4 61. Kb3 Be1 62.
Kc4 Bd2 63. Kc5 $11) 61. Kb3 Kxg4 62. Ka4 $11) 60. Kc2 (60. Kc4 $11 {[%cal
Gc4c5]}) 60... Bf4 61. Kb3 Kg5 62. Kb4 (62. Ka4 $2 Bd2 $19) 62... Bd2+ 63. Ka4
$11) 57... a5 58. h6 Be5 59. Rg6+ Kd5 (59... Kf7 60. Ra6 Kg8 61. Ra7 Bd4 62.
Rd7 Bb2 63. Ra7 Ra1+ 64. Ke2 a4 65. g5 Bd4 66. Rd7 $44) 60. g5 Rh3 $2 $44 ({
In spirit of the position was} 60... Ke4 $1 {[%csl Rf1][%cal Ge4f3] with
decisive Attack:} 61. Rb6 Kf3 62. Rb1 Bf4 63. h7 Be5 64. g6 Ra1 65. Rxa1 Bxa1
66. Ke1 Kf4 67. Kd2 Kf5 68. Kc2 Kxg6 69. Kb3 Kxh7 $19) 61. Ra6 Bc3 62. Kg2 (62.
g6 $2 Rxh6 63. g7 Bxg7 64. Rxa5+ $17) 62... Rh4 63. Kg3 Be1+ 64. Kf3 Kc5 65. g6
Rxh6 66. g7 Rh3+ 67. Ke2 Rg3 68. Kxe1 Kb5 69. Ra7 Rg2 70. Kd1 Kb4 71. Kc1 a4
72. Kb1 Ka3 73. Rb7 1/2-1/2

[Event "Candidates sf2 playoff"]
[Site "Dortmund"]
[Date "2002.07.17"]
[Round "1"]
[White "Bareev, Evgeny"]
[Black "Topalov, Veselin"]
[Result "1/2-1/2"]
[WhiteElo "2726"]
[BlackElo "2745"]
[Annotator "Ftacnik,L"]
[PlyCount "110"]
[EventDate "2002.07.17"]
[EventType "match (rapid)"]
[EventRounds "2"]
[EventCountry "GER"]
[SourceTitle "CBM 090"]
[Source "ChessBase"]
[SourceDate "2002.09.20"]
[SourceVersion "1"]
[SourceVersionDate "2002.09.20"]
[SourceQuality "1"]

1. c4 e5 2. g3 Nf6 3. Bg2 d5 4. cxd5 Nxd5 5. Nc3 Nb6 6. Nf3 Nc6 7. O-O Be7 8.
a3 O-O 9. b4 Be6 10. Rb1 f6 11. d3 Nd4 12. Nd2 c6 13. Bb2 $146 Rf7 {Very
flexible set up with pieces, the rook plans to join the fight along the 7th
rank.} 14. e3 Nf5 15. Qc2 (15. Nb3 $5 Nd7 16. Qc2 Nd6 $13) 15... Bf8 16. Rfd1
Nd5 17. Nc4 b5 $1 18. Na5 (18. Ne4 $5 Rc7 19. Na5 Nfxe3 20. fxe3 Nxe3 $11)
18... Ndxe3 $1 19. fxe3 Nxe3 20. Qf2 Nxg2 $1 {[%mdl 32] Excellent idea, black
is destroying the last defender of white's king so the counterplay will be
very unpleasant.} (20... Nxd1 21. Rxd1 Rc8 22. Nxc6 Qd7 23. Na5 $16) 21. Qxg2
Rc8 22. d4 $1 (22. Ne4 c5 $1 23. Qd2 cxb4 24. axb4 Rd7 $11) 22... Qb6 (22...
exd4 $2 23. Nxc6 Qb6 24. Nxd4 $18) 23. Ne2 Rd7 24. Rbc1 (24. Qf2 exd4 (24...
Bg4 25. Nb3 Re8 26. Nc5 $16)) 24... c5 $1 {The key move in the quest for
counterplay, shaky location of the Na5 enables black to step on the
"forbidden" square.} 25. dxc5 Bxc5+ 26. bxc5 Rxc5 27. Nd4 $1 (27. Qf2 Rxd1+ 28.
Rxd1 Rc2 $1 29. Bc3 Rxe2 30. Qxb6 axb6 31. Nb7 Bh3 $14) 27... exd4 28. Rxc5
Qxc5 29. Qc6 Qe5 30. Qc1 (30. Bxd4 Qe2 31. Qc1 Rxd4 32. Rxd4 Bh3 33. Rd2 Qe3+
34. Kh1 Qe4+ 35. Kg1 Qe3+ $11) 30... Qe4 31. Re1 $1 Qd5 32. Qc6 d3 33. Qxd5
Bxd5 34. Rd1 Be6 35. Kf2 Kf7 36. Ke3 Bf5 37. Kd2 Re7 38. Re1 Rxe1 39. Kxe1 Ke6
40. Nc6 $14 {Black has three pawns for the piece and excellent chances to
eliminate the tension into a drawish position.} (40. Kd2 Kd5 41. Nb3 Kc4 42.
Nd4 Bd7 $14) 40... Kd5 41. Ne7+ Ke4 42. Nxf5 (42. Kd2 Bd7 $11) 42... Kxf5 43.
Kf2 Kg4 44. Bd4 a6 45. Bb6 Kh3 46. Ke3 Kxh2 47. Bc7 Kg2 48. Kxd3 h5 49. Ke4 g6
50. Kf4 g5+ 51. Kf5 h4 52. gxh4 gxh4 53. Kxf6 h3 54. Ke6 a5 55. Kd5 b4 1/2-1/2

[Event "Candidates sf2 playoff"]
[Site "Dortmund"]
[Date "2002.07.17"]
[Round "2"]
[White "Topalov, Veselin"]
[Black "Bareev, Evgeny"]
[Result "1-0"]
[WhiteElo "2745"]
[BlackElo "2726"]
[Annotator "Finkel,A"]
[PlyCount "53"]
[EventDate "2002.07.17"]
[EventType "match (rapid)"]
[EventRounds "2"]
[EventCountry "GER"]
[SourceTitle "CBM 090"]
[Source "ChessBase"]
[SourceDate "2002.09.20"]
[SourceVersion "1"]
[SourceVersionDate "2002.09.20"]
[SourceQuality "1"]

{[%mdl 2]} 1. e4 {Rabinovich,Al. Ftacnik} e6 2. d4 d5 3. Nc3 Nf6 4. Bg5 dxe4 5.
Nxe4 Nbd7 6. Nf3 Be7 (6... h6 $5 {Rabinovich,Al} 7. Bh4 (7. Nxf6+ {Rabinovich,
Al} Nxf6 8. Be3 (8. Bxf6 {Rabinovich,Al} Qxf6 9. Bb5+ $5 c6 10. Bd3 $14 {
1-0 Topalov,V-Bareev,E/Monaco MNC 2002/The Week in Chess 386 (20)}) 8... a6 9.
Bd3 b5 10. Qe2 Bd6 11. a4 b4 12. Ne5 $14 {1/2-1/2 Shirov,A-Anand,V/Monte Carlo
2001/CBM 81 ext (26)} Bb7 13. Bb5+) 7... Be7 8. Nxf6+ Bxf6 9. Bxf6 Nxf6 10. Bd3
O-O 11. Qe2 c5 12. O-O-O {1/2-1/2 Leko,P-Anand,V/Monte Carlo 2001/CBM 81 ext 
(33) =/+/=}) 7. Nxf6+ Bxf6 8. h4 (8. Bxf6 {Rabinovich,Al} Qxf6 9. Qe2 $6 O-O
10. Qe3 Rd8 11. Bd3 c5 $11 {1/2-1/2 Anand,V-Shirov,A/Monte Carlo 2001/CBM 81
ext (19)}) 8... c5 (8... O-O $142 $5 {Rabinovich,Al} 9. Bd3 c5 10. Qe2 cxd4 11.
Qe4 g6 12. O-O-O e5 13. Bxf6 (13. Qd5 {Rabinovich,Al} Re8 14. Rhe1 Re6 (14...
Qe7 {Rabinovich,Al} 15. Bb5 Nb6 16. Qxe5 Qxe5 17. Nxe5 Bxg5+ 18. hxg5 Rd8 19.
Nc4 Be6 20. Nxb6 axb6 21. a4 Rac8 $11 {[%cal Gc8c5,Gd8c8,Gc5c2,Gc5g5] 1/2-1/2
De Vreugt,D-Gurevich,M/Valle d'Aosta ITA 2002/The Week in Chess 379 (47)}) 15.
Bb5 Qa5 16. Bc4 Qc7 17. Bb3 Nc5 $132 {1/2-1/2 Glek,I-Gurevich,M/Zwolle NED
2002/The Week in Chess 384 (56)}) 13... Qxf6 14. Bb5 Rd8 15. Rhe1 Qb6 16. Bc4
Nc5 17. Qxe5 Be6 18. Bxe6 Nxe6 $132 {[%cal Ga8c8,Gd4d3] 1/2-1/2 Kasparov,
G-Anand,V/Kopavogur 2000/EXT 2001 (28)}) 9. Qd2 cxd4 10. Nxd4 {This variation
is not a new one for Topalov who won a very nice game against Shirov one year
ago.} h6 {Bareev decides that the castle is too risky, however his king
struggles to find a safe shelter.} (10... O-O 11. O-O-O h6 {'!?' Rabinovich,Al.
} (11... a6 {Rabinovich,Al} 12. g4 Qb6 13. Bg2 Rd8 14. Qe3 h6 15. Bxf6 Nxf6 16.
Nf5 $16 {1-0 Krakops,M-Gavrilov,A/Riga 1995/EXT 97 (38)}) 12. Nf3 $1 $40 {
Topalov-Shirov, Leon, 2001}) 11. Bxf6 Nxf6 (11... Qxf6 $5 {Rabinovich,Al}) 12.
Qb4 $5 {[%csl Re8] Keeping black king in the center. Black got very nice
position in the game of two unknown players after} (12. O-O-O O-O 13. f4 (13.
Be2 {Rabinovich,Al} e5 $11 {1-0 Topalov,V-Van Wely,L/Monte Carlo 2001/CBM 81
ext (52)}) 13... Qd5 14. c4 Qc5 15. Bd3 Bd7 16. Qe2 b5 $36) 12... Nd5 ({
Nothing changed} 12... Qe7 13. Bb5+ Bd7 14. Bxd7+ Qxd7 15. O-O-O Nd5 16. Qa3
$36 {and black still didn't mange to solve opening problems.}) (12... a5 $142
$1 {[%csl Rb4,Rd4] Rabinovich,Al} 13. Bb5+ Bd7 14. Qa3 Qe7 $11) 13. Qa3 Qe7 14.
Bb5+ Bd7 15. Bxd7+ Kxd7 {Brave decision, but very risky one.  Ftacnik: 'Bareev
believes, that he can solve all his problems with artificial castling idea.'} (
15... Qxd7 16. O-O-O) 16. Qa4+ Kc7 17. Rh3 $1 {[%cal Gh3b3] White rook joins
the party via h3.} a6 18. Rb3 $5 ({Very promising looked} 18. O-O-O $5 $36)
18... Qc5 19. O-O-O b5 $2 {[%csl Rb5] After this move black is in serious
troubles. Deserved attention Ftacnik: 'This unfortunate weakening move will
lead to a swift catastrophy, while the correct 19...Nb6! would justify black's
concept.'} (19... Nb6 $1 20. Nxe6+ (20. Qb4 {Ftacnik} Qxb4 21. Rxb4 Rad8 $11)
20... fxe6 21. Qf4+ e5 22. Qe4 ({No good is} 22. Qf7+ Kb8 23. Qxg7 Ka7 $17 {
and black king escapes}) 22... Kb8 23. Rd7 Ra7 24. Rxg7 $36 {and despite of
the fact that white's initiative is extremly strong black may still defend.}
Qxf2 25. Qxe5+ Ka8 26. Re7 Rc8 $15) 20. Qa5+ Qb6 21. Qe1 $1 Kb7 22. Qe2 {
Now the pawn on b5 becomes a target for the white pieces.} Ka7 (22... Nc7 23.
a4 $18) 23. Nxb5+ $1 {Decisive blow!} axb5 24. Rxb5 {[%csl Ra7]} Qc6 (24... Qa6
25. Rdxd5 exd5 26. Qe7+) 25. Rdxd5 $1 exd5 26. Qe7+ Ka6 27. Rb3 1-0

[Event "Corus"]
[Site "Wijk aan Zee"]
[Date "2003.01.15"]
[Round "4"]
[White "Bareev, Evgeny"]
[Black "Topalov, Veselin"]
[Result "1/2-1/2"]
[WhiteElo "2729"]
[BlackElo "2743"]
[Annotator "Golod,V"]
[PlyCount "87"]
[EventDate "2003.01.11"]
[EventType "tourn"]
[EventRounds "13"]
[EventCountry "NED"]
[EventCategory "18"]
[SourceTitle "CBM 093"]
[Source "ChessBase"]
[SourceDate "2003.04.01"]
[SourceVersion "1"]
[SourceVersionDate "2003.04.01"]
[SourceQuality "1"]

1. d4 Nf6 2. c4 e6 3. Nc3 Bb4 4. Qc2 d5 5. cxd5 Qxd5 6. e3 c5 7. Bd2 Bxc3 8.
bxc3 {[%mdl 4] This move was popular in the 1930s ,but in the last years
Evgenij Bareev,already third time uses him.} (8. Bxc3 $5 {It's main line.See
comments to Stohl,I-Suba,M/Halkidiki,2002/CBM 92(1-0)(Golod,V)(54)}) 8... b6 $5
{Besides,black has two principales moves:} (8... O-O 9. Nf3 b6 10. c4 Qh5 11.
Be2 Bb7 12. O-O Nbd7 13. Rfd1 Rfe8 14. Bc3 Qg6 15. Qxg6 hxg6 16. a4 $14 {
Bareev,E-Huzman,A/Panormo,2001(1/2-1/2)(54)}) ({and} 8... Nc6) 9. Nf3 Nbd7 ({
Also met in this tournament:} 9... Bb7 10. Be2 (10. Ne5 $6 Nbd7 11. Nxd7 Qxd7
12. f3 O-O 13. Be2 Rac8 14. Qb2 Rfd8 15. Rd1 Bc6 $11 {Kjeldsen,J-Christensen,T/
DEN,1996(1/2-1/2)(20)}) 10... Nbd7 11. O-O Rc8 12. c4 Qe4 (12... Qd6 $5) 13.
Bd3 Qg4 14. d5 $1 exd5 15. cxd5 Bxd5 16. e4 $36 {Bareev,E-Ivanchuk,V/Wijk aan
Zee,2003(1-0)(34)}) 10. c4 Qd6 11. Be2 Bb7 12. Rd1 $146 ({A little prematurely:
} 12. O-O {in view of:} Ng4 $1 (12... O-O $143 13. Bc3 cxd4 14. Nxd4 Qe5 $6 (
14... Rfd8 $5) 15. a4 Rac8 16. Nb5 Qb8 17. Rfd1 $14 {Frydman,P-Regedzinski,T/
Lodz,1938(1-0)(38)}) 13. g3 Ngf6 $11 {[%cal Rb7h1]}) 12... Rc8 {I think,that
it was better to unload a situation at the centre:} (12... cxd4 13. exd4 $140
Ne4 14. O-O (14. Be3 $143 Qb4+ {[%csl Re1]}) 14... Nxd2 15. Rxd2 Rc8 $11) 13.
O-O Qc7 ({Now pretty dubiously:} 13... Ng4 {in view of:} 14. d5 {[%cal Ge3e4]}
exd5 15. cxd5 Qxd5 (15... Bxd5 $2 16. Bc3 {[%csl Rg7][%cal Ge3e4]}) 16. Bc3 {
[%csl Rg7]} Qh5 {[%csl Rh2][%cal Gb7f3]} 17. e4 $14) 14. dxc5 $5 {White want
to receive a point "d4" for translation of the his knight on queen side.} Nxc5
15. Nd4 O-O 16. f3 Rfd8 17. Be1 {/\Bg3 /^h2-b8 or Bh4/^h4-d8} ({Senselessly:} 
17. Nb5 {because of:} Qb8 18. Bc3 a6) 17... Qe7 18. Bh4 Bc6 {[%csl Rc2,Rd1]
[%cal Gc6a4]} ({It deserves attention:} 18... e5 $5 19. Nf5 Qe6 20. Rxd8+ Rxd8
21. Rd1 {[%csl Rg8]} Rd7 $11) 19. Nb5 ({Leads to equality:} 19. Nxc6 Rxc6 20.
Rxd8+ Qxd8 21. Rd1 Rd6 22. Rxd6 Qxd6 {[%csl Yc5,Ge2,Yf6,Gh4]}) 19... h6 20.
Rxd8+ Rxd8 $11 21. e4 ({Pa7 is inviolable:} 21. Bxf6 $2 Qxf6 22. Nxa7 Ba4 23.
Qc1 Ra8 24. Nb5 Bxb5 25. cxb5 Rxa2 $15) 21... Bxb5 {Differently,after:} (21...
e5 {White can translate the knight on the following route:} 22. Nc3 {[%csl Rd5]
[%cal Gc3d5]}) 22. cxb5 e5 {[%csl Rd4][%cal Gc5e6,Ge6d4]} 23. Rd1 Ne6 24. Rxd8+
Qxd8 25. Qc1 Qd6 26. Bf2 {[%csl Rd4,Ge2,Gf2] The weakness of a point "d4" is
compensated by advantage BB.} Nd7 {[%cal Yd7c5,Ye6d4]} (26... Nd4 $143 27. Qc8+
Kh7 28. Bf1 Qa3 29. Qc4 $14) 27. Bc4 Nd4 28. h3 Nc5 29. Kh2 g5 {Veselin
Topalov places all pieces on black fields.} 30. Qa3 Qd7 31. Bg3 Qe7 32. Qb4 h5
33. Kh1 Qf6 34. Qa3 Kg7 {The concrete game begins!} 35. Qxa7 h4 36. Bxe5 {
Practically leads to a drawn game.} (36. Bh2 $143 Nxf3 37. Bxf7 (37. gxf3 $2
Qxf3+ 38. Kg1 Qe3+ {[%csl Rc4][%cal Ge3e4,Ge4c4,Ge3c1]}) 37... Nxh2 38. Bd5+
Kh6 39. Kxh2 Qf4+ $11) (36. Bf2 $2 Nxe4 {[%csl Rf2]} 37. Bxd4 Ng3+ 38. Kg1 exd4
$17 {[%csl Gd4,Rg1]}) ({Can it was necessary to risk?} 36. Be1 Nxf3 37. gxf3
Qxf3+ 38. Kg1 Nxe4 (38... g4 $6 39. Qe7 $16) 39. Qxb6 Qxh3 {[%cal Gh3g4]} 40.
Bf1 Qg4+ 41. Kh1 Qf4 $44) 36... Qxe5 37. Qxf7+ Kh6 38. Qf8+ Qg7 $8 (38... Kg6
$4 39. Bf7+ Kf6 (39... Kh7 40. Qg8+ Kh6 41. Qg6#) 40. Bg8+ Kg6 41. Qf7+ Kh6 42.
Qh7#) (38... Kh7 $4 39. Bg8+ Kh8 (39... Kg6 40. Qf7+ Kh6 41. Qh7#) 40. Bf7+ Kh7
41. Qg8+ Kh6 42. Qg6#) 39. Qd6+ Kh7 ({It was a very interestingly:} 39... Kh5
40. Qxb6 $140 Nxf3 {[%csl Rh1][%cal Gg7a1]} 41. e5 {[%csl Rc5,Rh5][%cal Gc4e2,
Gc4f7]} (41. gxf3 $2 Qa1+ 42. Kg2 Qb2+ $17 {[%csl Rc4][%cal Gb2c1,Gb2d4]})
41... Qh7 $1 {[%csl Rh1][%cal Gh7b1]} 42. Bf7+ $8 (42. gxf3 $2 Qb1+ $17 {
[%csl Rc4][%cal Gb1c2,Gc2c4]}) 42... Qxf7 43. Qxc5 Nd2 44. Qc1 Qf2 45. b6 Nf1
46. b7 Ng3+ 47. Kh2 Nf1+ 48. Qxf1 Qxf1 49. b8=Q Qf4+ 50. Kg1 Qc1+ 51. Kf2 Qd2+
52. Kf3 Qd3+ $11) 40. Qxb6 (40. e5 $143 Nf5 41. Qxb6 Qxe5) 40... Nxf3 $1 (40...
Na4 $2 41. Qd6 {[%csl Gb5,Yd6,Rh7][%cal Gb5b6]}) 41. gxf3 Qa1+ 42. Kg2 Qb2+ 43.
Kf1 Qc1+ 44. Kf2 {After this move Veselin Topalov is agreed for draw, because
of next variants:} (44. Kf2 Qxc4 45. Qc7+ Kg6 46. Qc6+ {[%cal Gc6e8]} Kf7 47.
Qc7+ Ke6 48. Qc8+ (48. Qc6+ $2 Ke5 49. Qc7+ Kd4) 48... Ke7 (48... Ke5 $2 49.
Qh8+ Kd6 $8 50. Qd8+ Nd7 (50... Ke6 $4 51. Qg8+) (50... Ke5 51. Qxg5+ Kd4 52.
Qf6+ $16) 51. e5+ Kxe5 52. Qxd7 Qxa2+ 53. Ke3 $14) 49. Qc7+ $11) 1/2-1/2